| 000 | 00432nam a22001697a 4500 | ||
|---|---|---|---|
| 999 |
_c7806 _d7804 |
||
| 005 | 20210904135547.0 | ||
| 008 | 210821b ||||| |||| 00| 0 eng d | ||
| 020 | _a9781845921200 | ||
| 041 | _aeng | ||
| 082 | _a346.420 | ||
| 100 |
_aSHERRIFF, GERALD _96535 |
||
| 245 | _aSERVICE CHARGES FOR LEASEHOLD , FREEHOLD & COMMONHOLD | ||
| 260 |
_aU.K. _bTOTTEL PUBLISHING _c2007 |
||
| 300 | _a622;p | ||
| 650 |
_aLAW _95701 |
||
| 942 | _cBK | ||